| 000 | 00852cam a22002533a 4500 | ||
|---|---|---|---|
| 001 | 19511 | ||
| 003 | PGUSA | ||
| 005 | 20140828083420.0 | ||
| 008 | 061009s2006||||xxu|||||s|||||000 | eng d | ||
| 040 |
_aPGUSA _beng |
||
| 042 | _adc | ||
| 050 | 4 | _aNA | |
| 100 | 1 |
_aPerkins, Thomas, _cRev, _d1842-1907 |
|
| 245 | 1 | 0 |
_aBell's Cathedrals : _bWimborne Minster and Christchurch Priory : A Short History of Their Foundation and a Description of Their Buildings _h[electronic resource] / _cThomas, Perkins |
| 260 |
_bProject Gutenberg, _c2006 |
||
| 506 | _aPublic domain in the USA. | ||
| 516 | _aElectronic text | ||
| 653 | _aWimborne Minster (England) | ||
| 653 | _aChrist Church Priory (Canterbury, England) | ||
| 653 | _aChurches -- England | ||
| 830 | 0 |
_aProject Gutenberg _v19511 |
|
| 856 | 4 | 0 | _uhttp://www.gutenberg.org/ebooks/19511 |
| 942 | _cEB | ||
| 999 |
_c248766 _d248766 |
||